Particular features of the consolidated annual report

Konsolidovaná výročná správa. Osobitosti špecifické pre obsahovú náplň konsolidovanej výročnej správy. Informácie zverejnené vo výročnej správe.

Gespeichert in:
Bibliographische Detailangaben
1. Verfasser: Lovciová, Kornélia, 1983-
Format: Buchkapitel
Sprache:Slowakisch
Schlagworte:
Tags: Tag hinzufügen
Keine Tags, Fügen Sie das erste Tag hinzu!

MARC

LEADER 00000naa$a2200000$$$4500
001 0236157
005 20240502073823.6
041 0 |a slo 
044 |a SK 
245 1 0 |a Particular features of the consolidated annual report  |c Kornélia Lovciová 
520 |a Konsolidovaná výročná správa. Osobitosti špecifické pre obsahovú náplň konsolidovanej výročnej správy. Informácie zverejnené vo výročnej správe. 
610 2 0 |a závierka účtovná konsolidovaná 
610 2 0 |a správa finančná 
610 2 0 |a správy výročné 
610 2 0 |a úpravy právne 
610 2 0 |a harmonizácia 
100 1 |a Lovciová, Kornélia, 1983-